History Quiz

Random History or Country Quiz

Countries by 2000 Leaders Quiz Stats

 Plays Quiz Updated May 16, 2019

Score 0/50 Timer 10:00
0 Plays Today
Leader Country % Correct
Kim Jong-ilNorth Korea
97.7%
Bill ClintonUnited States
97.2%
Tony BlairUnited Kingdom
96.8%
Vladimir PutinRussia
95.4%
Fidel CastroCuba
93.9%
Saddam HusseinIraq
89.7%
Hosni MubarakEgypt
85.7%
Jacques ChiracFrance
83.8%
Kim Dae-jungSouth Korea
80.6%
Muammar al GaddafiLibya
79.9%
John HowardAustralia
79.9%
Gerhard SchröderGermany
78.9%
Jiang ZeminChina
74.4%
Hugo ChavezVenezuela
73.3%
Ali KhameneiIran
72.8%
Obuchi KeizoJapan
65.6%
Hafez al AssadSyria
65%
Slobodan MilosevicYugoslavia
63.7%
Jean ChretienCanada
61.1%
Alexander KwasniewskiPoland
60.8%
Robert MugabeZimbabwe
60.4%
Pervez MusharrafPakistan
60.1%
Massimo D'AlemaItaly
59.9%
Göran PerssonSweden
59.9%
Fahd bin Abdul AzizSaudi Arabia
59.7%
Leader Country % Correct
Thabo MbekiSouth Africa
58.4%
Ehud BarakIsrael
58.3%
Jose Maria AznarSpain
58.3%
Atal Bihari VajpayeeIndia
57.1%
Emil ConstantinescuRomania
56.4%
Ernesto ZedilloMexico
55.1%
Fernando Henrique CardosoBrazil
53.4%
Vaclav HavelCzechia
53.4%
Abdullah IIJordan
53.3%
Alberto FujimoriPeru
51%
Bertie AhernIreland
49.3%
Poul Nyrup RasmussenDenmark
48.6%
Bülent EcevitTurkey
47.7%
Guy VerhofstadtBelgium
44.6%
Alexander LukashenkoBelarus
44.5%
Lee Teng-huiTaiwan
43.5%
Mohammed VIMorocco
41.9%
Charles TaylorLiberia
40.8%
Eduard ShevardnadzeGeorgia
40.2%
Hun SenCambodia
36.5%
Nursultan NazarbayevKazakhstan
36.3%
Than ShweMyanmar
33.2%
Islom KarimovUzbekistan
30.4%
Laurent-Desire KabilaDemocratic Republic of the Congo
29.5%
Askar AkayevKyrgyzstan
23.1%

You're not logged in!

Compare scores with friends on all Sporcle quizzes.
OR
Log In

Sporcle TV

Today on Sporcle TV


Watch our educational content, quiz creation guides, and fun videos on Sporcle TV.

Show Comments

Extras

Top Quizzes Today


Score Distribution

Your Account Isn't Verified!

In order to create a playlist on Sporcle, you need to verify the email address you used during registration. Go to your Sporcle Settings to finish the process.

Report this User

Report this user for behavior that violates our Community Guidelines.

Details: